<?xml version="1.0" encoding="UTF-8"?><collection xmlns="info:lc/xmlns/marcxchange-v2"><record format="Unimarc" type="bibliographic"><leader>00913nam  2200217   450 </leader><controlfield tag="001">2621303</controlfield><controlfield tag="003">http://id.bnportugal.gov.pt/bib/porbase/2621303</controlfield><datafield ind1=" " ind2=" " tag="010"><subfield code="a">978-0-470-29421-5</subfield></datafield><datafield ind1=" " ind2=" " tag="035"><subfield code="a">isec005_bc.iso/29-08-2014/11607</subfield></datafield><datafield ind1=" " ind2=" " tag="035"><subfield code="a">ISEC20091126122219</subfield></datafield><datafield ind1=" " ind2=" " tag="100"><subfield code="a">20091126d2009    k  y0porb0103    ba</subfield></datafield><datafield ind1="0" ind2=" " tag="101"><subfield code="a">eng</subfield></datafield><datafield ind1=" " ind2=" " tag="102"><subfield code="a">US</subfield></datafield><datafield ind1="1" ind2=" " tag="200"><subfield code="a">Information storage and management</subfield><subfield code="e">storing, managing, and protecting digital information</subfield><subfield code="f">ed. by G. Somasundaram, Alok Shrivastava</subfield></datafield><datafield ind1=" " ind2=" " tag="210"><subfield code="a">Indianapolis, IN</subfield><subfield code="c">Wiley Publishing, Inc.</subfield><subfield code="d">cop. 2009</subfield></datafield><datafield ind1=" " ind2=" " tag="215"><subfield code="a">455 p.</subfield><subfield code="c">il</subfield></datafield><datafield ind1=" " ind2=" " tag="675"><subfield code="a">004.6</subfield><subfield code="v">BN</subfield><subfield code="z">por</subfield></datafield><datafield ind1=" " ind2="1" tag="702"><subfield code="a">Somasundaram</subfield><subfield code="b">G.</subfield><subfield code="4">340</subfield></datafield><datafield ind1=" " ind2="1" tag="702"><subfield code="a">Shrivastava</subfield><subfield code="b">Alok</subfield><subfield code="4">340</subfield></datafield><datafield ind1=" " ind2="0" tag="801"><subfield code="a">PT</subfield><subfield code="b">ISEC</subfield><subfield code="g">RPC</subfield></datafield><datafield ind1="4" ind2=" " tag="856"><subfield code="u">http://eu.wiley.com/WileyCDA/WileyTitle/productCd-0470294213,descCd-tableOfContents.html</subfield><subfield code="z">Informações adicionais</subfield></datafield><datafield ind1=" " ind2=" " tag="859"><subfield code="u">http://files.isec.pt/DOCUMENTOS/SERVICOS/BIBLIO/Capas/Information_Somasundaram.jpg</subfield><subfield code="z">Capa do livro</subfield></datafield></record></collection>